J.D. Salinger
Análisis crítico de las obras del escritor estadounidense Jerome David Salinger, relacionándolas entre sí para que sea posible ver el panorama general. Estudia los principales temas que le preocupan y cómo se ven reflejados en sus historias, desde las más conocidas hasta las historias cortas publica...
保存先:
| 第一著者: | |
|---|---|
| フォーマット: | 図書 |
| 言語: | Undetermined |
| 出版事項: |
Buenos Aires, Argentina
Compañía General Editora Fabril
1969
|
| 主題: | |
| タグ: |
タグ追加
タグなし, このレコードへの初めてのタグを付けませんか!
|
MARC
| LEADER | 00000nam a2200000Ia 4500 | ||
|---|---|---|---|
| 008 | 170316s9999 xx 000 0 und d | ||
| 040 | |a cru BVZT | ||
| 090 | |a 810 F-24.1j | ||
| 100 | |a French, Warren |9 798 | ||
| 245 | |a J.D. Salinger |c / Warren French | ||
| 260 | |a Buenos Aires, Argentina | ||
| 260 | |b Compañía General Editora Fabril | ||
| 260 | |c 1969 | ||
| 300 | |a 245 páginas | ||
| 520 | |a Análisis crítico de las obras del escritor estadounidense Jerome David Salinger, relacionándolas entre sí para que sea posible ver el panorama general. Estudia los principales temas que le preocupan y cómo se ven reflejados en sus historias, desde las más conocidas hasta las historias cortas publicadas solo en periódicos o revistas. Cubre muchas de sus obras más populares, como “Catcher in the Rye”, y “Franny y Zooey”, pero también muchas de sus obras anteriores más breves y menos conocidas. | ||
| 650 | |a LITERATURA ESTADOUNIDENSE |9 25 | ||
| 650 | |a EN IDIOMA INGLÉS |9 129 | ||
| 650 | |a ANÁLISIS CRÍTICO |9 799 | ||
| 650 | |a OBRAS DEL ESCRITOR JEROME DAVID SALINGER |9 800 | ||
| 999 | |c 5619 |d 5619 | ||
| 942 | |c 15 D |h 810 F-24.1j |2 z | ||
